| 000 | 00957nam a22002297a 4500 | ||
|---|---|---|---|
| 999 |
_c15788 _d15788 |
||
| 003 | MIRAKIL | ||
| 005 | 20240326114952.0 | ||
| 008 | 240326b tu ||||| |||| 00| 0 tur d | ||
| 020 | _a9789751742162 | ||
| 040 |
_aTR-AnCHP _cTR-AnCHP |
||
| 041 | _atur | ||
| 082 |
_a398.5 _bK46 2019 |
||
| 245 | 1 | 0 |
_aKırgız destanları XVII_ Kurmanbek destanı : _b(Sarıkunan varyantı) / _canlatan: Sagınbek Diykanbayev(Sarıkunan) ; hazırlayan: Abdulselam Arvas |
| 260 |
_aAnkara : _bTürk Dil Kurumu, _c2019. |
||
| 300 |
_a298 s. ; _c24 cm. |
||
| 490 | 0 |
_aAtatürk Kültür Dil ve Tarih Yüksek Kurumu Türk Dil Kurumu yayınları ; _v1301. |
|
| 490 | 0 |
_aTürk Dünyası Destanlarının Tespiti, Türkiye Türkçesine Aktarılması ve Yayımlanması Projesi ; _v69. |
|
| 504 | _aKaynakça: 291-298. ss. | ||
| 650 | 0 |
_97722 _aDestanlar _xKırgız |
|
| 856 | _zDijital Nüshası için Partimizin Kütüphane Sorumlusu ile iletişime geçiniz. | ||
| 942 |
_2ddc _cBKS |
||